000 01186nam a22003497a 4500
003 CHAP
005 20220824183701.0
008 971010s1987 r 00010 d
010 _a63101
011 _a64073
035 _a69149
040 _cCHAP
090 _aTesis
100 1 0 _aVázquez Carrillo, María Gricelda
_9120317
245 _aObtención de harina y concentrado proteínico de frijol azufrado endurecido
260 _aChapingo, Méx. :
_bEl autor,
_c1987
300 _a190 h.
502 _aTesis (M.C. Esp. en Botánica) -- C.P. Centro de Botánia
590 _aALEPH
_b10
_c20130110
_lUCH01
_h1346
590 _aBATCH-UPD
_b10
_c20130110
_lUCH01
_h0328
590 _aBATCH-UPD
_b10
_c20130410
_lUCH01
_h0001
590 _aBATCH-UPD
_b10
_c20130914
_lUCH01
_h1442
590 _aCONVERSION
_b10
_c20130109
_lUCH01
_h1334
650 1 4 _aFrijol
_xSubproductos.
_943437
650 1 4 _aHarina de frijol.
_952703
901 _aBK
942 _cFOLL
949 _bBC
_cTES
_d-153879
_eTS1
_h19077
_i69149
_si
949 _bBC
_cTES
_d33724000633368
_eTS2
_fc.3
_h31053
_i69149
_sb
949 _bBC
_cTES
_d33724000695037
_eTS2
_fc.2
_h19078
_i69149
_si
949 _bIA
_cTES
_d-1317
_eTS1
_i69149
_si
999 _c63101
_d63101